[Event "DEM U12/U12w 2014"]
[Site "Magdeburg GER"]
[Date "2014.06.12"]
[Round "8"]
[White "Rockmann, Jan-Okke"]
[Black "Engel, Luis"]
[Result "1/2-1/2"]
[Termination "normal"]
[Board "1"]
[WhiteElo "1873"]
[BlackElo "1982"]
[PlyCount "129"]
[WhiteFideId "12942111"]
[BlackFideId "12961523"]
[EventCountry "GER"]
[EventRounds "11"]
[EventType "swiss"]
[EventDate "2014.06.07"]

1. e4 e6 2. d4 d5 3. Nd2 Nf6 4. Bd3 c5 5. c3 cxd4 6. cxd4 dxe4 7. Nxe4 Nxe4 8.
Bxe4 Bb4+ 9. Bd2 Bxd2+ 10. Qxd2 Nd7 11. Ne2 Nf6 12. Bf3 O-O 13. O-O Qb6 14.
Rac1 Rd8 15. Rc4 Bd7 16. Nc3 Rac8 17. b3 Bc6 18. Qf4 Bxf3 19. Rxc8 Rxc8 20.
Qxf3 Qxd4 21. Rd1 Qb6 22. g4 h6 23. Ne4 Nxe4 24. Qxe4 Qc7 25. Qd4 b6 26. Rd2
Kf8 27. Kg2 Qc6+ 28. f3 f6 29. h4 e5 30. Qd3 a5 31. g5 hxg5 32. hxg5 fxg5 33.
Qf5+ Kg8 34. Qxg5 e4 35. Rd8+ Rxd8 36. Qxd8+ Kf7 37. fxe4 Qxe4+ 38. Kg3 Qg6+
39. Kh3 Qe6+ 40. Kg3 Qe1+ 41. Kf4 Qc1+ 42. Kg4 Qg1+ 43. Kf4 Qf2+ 44. Kg4 Qg2+
45. Kf4 Qc6 46. Kg3 Qf6 47. Qd7+ Kg6 48. Qe8+ Kh7 49. Qh5+ Qh6 50. Qe5 Qg6+ 51.
Kh3 Kh6 52. Qe3+ Kh7 53. Qe5 Qd3+ 54. Kh4 Qd8+ 55. Kg3 g6 56. Kg4 Qd7+ 57. Kg3
b5 58. Qe1 a4 59. Qh1+ Kg7 60. Qa1+ Kg8 61. Qf6 Qd3+ 62. Kg4 axb3 63. Qe6+ Kf8
64. axb3 Qd4+ 65. Kg5 1/2-1/2

[Event "DEM U12/U12w 2014"]
[Site "Magdeburg GER"]
[Date "2014.06.12"]
[Round "8"]
[White "Kopylov, Daniel"]
[Black "Graf, Justus Felix"]
[Result "1-0"]
[Termination "normal"]
[Board "2"]
[WhiteElo "1813"]
[BlackElo "1513"]
[WhiteClock "00:53:51"]
[BlackClock "00:44:09"]
[PlyCount "73"]
[WhiteFideId "12921971"]
[BlackFideId "12929212"]
[EventCountry "GER"]
[EventRounds "11"]
[EventType "swiss"]
[EventDate "2014.06.07"]

1. d4 Nf6 2. c4 g6 3. Nc3 Bg7 4. e4 d6 5. Nf3 O-O 6. Be2 e5 7. dxe5 dxe5 8.
Qxd8 Rxd8 9. Bg5 Re8 10. Nd5 Nxd5 11. cxd5 c6 12. Bc4 cxd5 13. Bxd5 Nc6 14.
Bxc6 bxc6 15. O-O Ba6 16. Rfd1 Rab8 17. b3 f5 18. Nd2 f4 19. Bh4 Rb4 20. f3 Rd4
21. Bf2 Rd7 22. Nc4 Red8 23. Rxd7 Rxd7 24. Na5 Bb5 25. a4 Ba6 26. Nxc6 Rb7 27.
b4 Bc4 28. Bxa7 Bf8 29. Bc5 Bxc5+ 30. bxc5 Rc7 31. Nxe5 Rxc5 32. Nxc4 Rxc4 33.
a5 Rc8 34. a6 Ra8 35. a7 Kf7 36. Kf2 Ke6 37. Ke2 1-0

[Event "DEM U12/U12w 2014"]
[Site "Magdeburg GER"]
[Date "2014.06.12"]
[Round "8"]
[White "Renger, Niklas"]
[Black "Biastoch, Bennet"]
[Result "1-0"]
[Termination "normal"]
[Board "3"]
[WhiteElo "1794"]
[BlackElo "1754"]
[WhiteClock "00:33:27"]
[BlackClock "00:39:30"]
[PlyCount "61"]
[WhiteFideId "12908096"]
[BlackFideId "12939889"]
[EventCountry "GER"]
[EventRounds "11"]
[EventType "swiss"]
[EventDate "2014.06.07"]

1. e4 c5 2. Nf3 d6 3. d4 cxd4 4. Nxd4 Nf6 5. Nc3 a6 6. Be3 e5 7. Nb3 Be6 8. f3
Be7 9. Qd2 O-O 10. O-O-O b5 11. g4 b4 12. Nd5 Bxd5 13. exd5 a5 14. Kb1 Qd7 15.
Rg1 Rc8 16. g5 Nh5 17. Rg4 Na6 18. Rh4 g6 19. Bh3 Qc7 20. Bxc8 Rxc8 21. Qd3 a4
22. Nd2 Nf4 23. Bxf4 exf4 24. Rxf4 Bxg5 25. Rc4 Nc5 26. Qd4 Qe7 27. Ne4 Bh6 28.
Nxc5 dxc5 29. d6 cxd4 30. Rxc8+ Qf8 31. d7 1-0

[Event "DEM U12/U12w 2014"]
[Site "Magdeburg GER"]
[Date "2014.06.12"]
[Round "8"]
[White "ter Stal, Sven"]
[Black "Suvorov, Alexander"]
[Result "0-1"]
[Termination "normal"]
[Board "4"]
[WhiteElo "1707"]
[BlackElo "1569"]
[WhiteClock "00:13:14"]
[BlackClock "00:22:36"]
[PlyCount "68"]
[WhiteFideId "12946443"]
[BlackFideId "12977063"]
[EventCountry "GER"]
[EventRounds "11"]
[EventType "swiss"]
[EventDate "2014.06.07"]

1. g3 Nf6 2. Bg2 d5 3. d3 e6 4. Nd2 Be7 5. e4 O-O 6. Ngf3 b6 7. O-O Bb7 8. Re1
dxe4 9. dxe4 Nxe4 10. Ne5 Nd6 11. Bxb7 Nxb7 12. Qg4 Nd6 13. Ndf3 Bf6 14. h4 Qe8
15. c3 Nc6 16. Bf4 Nxe5 17. Bxe5 Bxe5 18. Rxe5 Nf5 19. Rae1 Qc6 20. Qf4 Qd6 21.
Qc4 Rad8 22. Ng5 h6 23. Nh3 c5 24. Nf4 Qd2 25. Nxe6 fxe6 26. Qxe6+ Kh8 27. Rxf5
Rxf5 28. Qxf5 Qxe1+ 29. Kg2 Re8 30. Kh2 Qe6 31. Qf3 Qxa2 32. Qc6 Rf8 33. Kh3
Qxb2 34. Qd6 Qxf2 0-1

[Event "DEM U12/U12w 2014"]
[Site "Magdeburg GER"]
[Date "2014.06.12"]
[Round "8"]
[White "Mätzkow, Maximilian Paul"]
[Black "Mönster, Madita"]
[Result "1-0"]
[Termination "normal"]
[Board "5"]
[WhiteElo "1841"]
[BlackElo "1637"]
[WhiteClock "00:51:20"]
[BlackClock "00:11:49"]
[PlyCount "111"]
[WhiteFideId "24679933"]
[BlackFideId "12947156"]
[EventCountry "GER"]
[EventRounds "11"]
[EventType "swiss"]
[EventDate "2014.06.07"]

1. e4 e6 2. d4 d5 3. Nc3 Bb4 4. exd5 exd5 5. Bd3 Nc6 6. a3 Bxc3+ 7. bxc3 Nge7
8. Qh5 Qd6 9. Rb1 Ng6 10. Nh3 Qe7+ 11. Kf1 Qh4 12. Bxg6 hxg6 13. Qxh4 Rxh4 14.
Nf4 Ne7 15. g3 Rh7 16. f3 b6 17. Nd3 Nf5 18. Kf2 Nd6 19. Bf4 Be6 20. a4 Kd8 21.
g4 Nc4 22. Rhe1 Kd7 23. Ne5+ Nxe5 24. Rxe5 Rc8 25. Rbe1 c5 26. c4 cxd4 27. cxd5
Rxc2+ 28. Kg1 d3 29. dxe6+ fxe6 30. Rxe6 g5 31. Rd6+ Kc8 32. Re8+ Kb7 33. Bg3
d2 34. Red8 Rc1+ 35. Kf2 Ra1 36. Rxd2 Rxa4 37. R8d7+ Ka6 38. Bb8 Kb5 39. Kg3 a5
40. R7d5+ Kc6 41. Rxg5 Rh8 42. Be5 Rc8 43. Rc2+ Kd7 44. Rxg7+ Ke6 45. Rxc8 Kxe5
46. Rb8 Rb4 47. h4 a4 48. h5 a3 49. Ra7 Rb3 50. h6 a2 51. Rxa2 Kf6 52. h7 Kg6
53. h8=Q b5 54. Rf8 Re3 55. Qg8+ Kh6 56. Rh2# 1-0

[Event "DEM U12/U12w 2014"]
[Site "Magdeburg GER"]
[Date "2014.06.12"]
[Round "8"]
[White "Preißler, Niklas"]
[Black "Wierzbicki, Jirawat"]
[Result "1/2-1/2"]
[Termination "normal"]
[Board "6"]
[WhiteElo "1812"]
[BlackElo "1774"]
[WhiteClock "00:14:01"]
[BlackClock "00:22:38"]
[PlyCount "108"]
[WhiteFideId "12927554"]
[BlackFideId "1153579"]
[EventCountry "GER"]
[EventRounds "11"]
[EventType "swiss"]
[EventDate "2014.06.07"]

1. d4 d5 2. Bf4 Nf6 3. e3 c5 4. Nf3 Nc6 5. c3 Qb6 6. Qc1 c4 7. Nbd2 Nh5 8. Bg3
Nxg3 9. hxg3 h6 10. Be2 Bf5 11. b3 cxb3 12. axb3 Rc8 13. Qb2 e6 14. O-O Be7 15.
Rfc1 O-O 16. Ne1 e5 17. dxe5 Nxe5 18. Ndf3 Nxf3+ 19. Nxf3 Bf6 20. Nd4 Bh7 21.
Bg4 Rc7 22. Bf5 Bxf5 23. Nxf5 Rfc8 24. Nd4 Bxd4 25. exd4 a6 26. Rc2 Qf6 27. Re1
b5 28. b4 Rc4 29. Ra1 Qg6 30. Rac1 Qc6 31. Qa3 Qb7 32. Qb3 R8c6 33. Kf1 Qc7 34.
Ra1 Rxc3 35. Rxc3 Rxc3 36. Qxd5 Qc4+ 37. Qxc4 Rxc4 38. d5 Rxb4 39. Rxa6 Rd4 40.
d6 b4 41. Rb6 b3 42. Rxb3 Rxd6 43. Ke2 Rd4 44. Rb7 f6 45. Ke3 Ra4 46. Kf3 Kh7
47. g4 Kg6 48. Rb5 Ra2 49. Kg3 Re2 50. f3 Rd2 51. Ra5 Re2 52. Rb5 Ra2 53. Rc5
Ra4 54. Rb5 Rc4 1/2-1/2

[Event "DEM U12/U12w 2014"]
[Site "Magdeburg GER"]
[Date "2014.06.12"]
[Round "8"]
[White "Meyling, Lennart"]
[Black "Holinka, Henning"]
[Result "0-1"]
[Termination "normal"]
[Board "7"]
[WhiteElo "1722"]
[BlackElo "1689"]
[PlyCount "138"]
[WhiteFideId "12947130"]
[BlackFideId "12967084"]
[EventCountry "GER"]
[EventRounds "11"]
[EventType "swiss"]
[EventDate "2014.06.07"]

1. c4 e5 2. g3 c6 3. Bg2 d5 4. cxd5 cxd5 5. e3 Be6 6. d4 e4 7. Ne2 Qd7 8. Nbc3
f5 9. O-O Nf6 10. Nf4 Bf7 11. Bd2 Be7 12. Qb3 O-O 13. Rac1 Nc6 14. Na4 g5 15.
Ne2 b6 16. Rc2 Rfc8 17. Rfc1 Kh8 18. Qb5 Be8 19. Bh3 Qe6 20. Qb3 Bd7 21. a3 Bd6
22. Qb5 Qe8 23. Bxf5 Bxf5 24. Rxc6 Bd7 25. Rxc8 Rxc8 26. Rxc8 Qxc8 27. Qb3 Bh3
28. Qd1 Qf5 29. Nec3 Ng4 30. Qe2 h5 31. Nb5 Bb8 32. Bb4 Qf6 33. Be1 h4 34. Nbc3
hxg3 35. fxg3 Nxe3 36. Qh5+ Kg7 37. Qxh3 g4 38. Nxd5 Qf3 39. Nxe3 gxh3 40. Bf2
Bd6 41. Nc3 Be7 42. Ncd5 Bg5 43. Kf1 Kf7 44. b4 Bf6 45. Nxf6 Kxf6 46. g4 Kg5
47. d5 Qf6 48. Ke2 Qb2+ 49. Kf1 Qxa3 50. d6 Qd3+ 51. Ke1 Qxd6 52. Bh4+ Kg6 53.
Nf5 Qxh2 54. Bg3 Qg1+ 55. Kd2 h2 56. Bxh2 Qxh2+ 57. Ke3 Kg5 58. Kxe4 Qf4+ 59.
Kd3 Qxb4 60. Ne3 a5 61. Nd5 Qb3+ 62. Kd4 a4 63. Nc3 a3 64. Ne4+ Kxg4 65. Nf6+
Kh4 66. Nh7 a2 67. Ng5 a1=Q+ 68. Ke4 Qe1+ 69. Kd4 Qee3# 0-1

[Event "DEM U12/U12w 2014"]
[Site "Magdeburg GER"]
[Date "2014.06.12"]
[Round "8"]
[White "Oganessjan, Artur"]
[Black "Dietz, Florian"]
[Result "1-0"]
[Termination "normal"]
[Board "8"]
[WhiteElo "1761"]
[BlackElo "1860"]
[PlyCount "93"]
[WhiteFideId "12986062"]
[BlackFideId "12939897"]
[EventCountry "GER"]
[EventRounds "11"]
[EventType "swiss"]
[EventDate "2014.06.07"]

1. e4 c5 2. Nf3 d6 3. d4 cxd4 4. Nxd4 Nf6 5. Nc3 g6 6. Be3 Bg7 7. f3 O-O 8. Qd2
Nc6 9. O-O-O d5 10. Nb3 dxe4 11. Qxd8 Rxd8 12. Rxd8+ Nxd8 13. Nxe4 Nxe4 14.
fxe4 Be6 15. Be2 Be5 16. g3 Bh3 17. Bd3 Ne6 18. Nc5 Nxc5 19. Bxc5 e6 20. Be3
Rd8 21. a3 Bd4 22. Bxd4 Rxd4 23. e5 Bg2 24. Re1 Rd5 25. Be4 Bxe4 26. Rxe4 Kg7
27. c4 Rd7 28. Kc2 g5 29. g4 Kg6 30. b4 h5 31. h3 hxg4 32. hxg4 Rd8 33. c5 Rd5
34. Kc3 Kg7 35. Rd4 Rxe5 36. Rd7 Re3+ 37. Kc4 Re4+ 38. Kb5 Kf8 39. Rxb7 Ke8 40.
c6 f5 41. Rxa7 fxg4 42. Ra8+ Ke7 43. c7 Re5+ 44. Kb6 g3 45. c8=Q g2 46. Qf8+
Kd7 47. Rd8# 1-0

[Event "DEM U12/U12w 2014"]
[Site "Magdeburg GER"]
[Date "2014.06.12"]
[Round "8"]
[White "Stork, Oliver"]
[Black "Schneider, Jana"]
[Result "1/2-1/2"]
[Termination "normal"]
[Board "9"]
[WhiteElo "1629"]
[BlackElo "1824"]
[PlyCount "68"]
[WhiteFideId "12955728"]
[BlackFideId "12924997"]
[EventCountry "GER"]
[EventRounds "11"]
[EventType "swiss"]
[EventDate "2014.06.07"]

1. c4 e5 2. g3 Nc6 3. Bg2 f5 4. Nc3 Nf6 5. e3 d6 6. Nge2 Be7 7. d3 O-O 8. O-O
Qe8 9. Rb1 Qh5 10. f4 Ng4 11. h3 Nf6 12. b4 e4 13. dxe4 fxe4 14. g4 Bxg4 15.
hxg4 Qxg4 16. Nd4 Qg6 17. Qc2 a5 18. Nxc6 bxc6 19. Nxe4 Kh8 20. f5 Qg4 21. Rf4
Qh5 22. Nxf6 gxf6 23. Bb2 axb4 24. Qe4 Rf7 25. Qxc6 Rg8 26. Kf2 Qh2 27. Rh1
Qg3+ 28. Kf1 Qxe3 29. Qe4 Qd2 30. Rf2 Qd1+ 31. Qe1 Qd3+ 32. Qe2 Qb1+ 33. Qe1
Qd3+ 34. Qe2 Qb1+ 1/2-1/2

[Event "DEM U12/U12w 2014"]
[Site "Magdeburg GER"]
[Date "2014.06.12"]
[Round "8"]
[White "Roho, Kevin"]
[Black "Tong, Kevin"]
[Result "1/2-1/2"]
[Termination "normal"]
[Board "10"]
[WhiteElo "1643"]
[BlackElo "1758"]
[PlyCount "216"]
[WhiteFideId "12973734"]
[BlackFideId "12913944"]
[EventCountry "GER"]
[EventRounds "11"]
[EventType "swiss"]
[EventDate "2014.06.07"]

1. e4 c5 2. Nf3 Nc6 3. d3 g6 4. g3 Bg7 5. Bg2 e5 6. O-O Nge7 7. Be3 b6 8. c3
O-O 9. d4 exd4 10. cxd4 d5 11. exd5 Nxd5 12. Nc3 Nxe3 13. fxe3 Bg4 14. d5 Ne5
15. Qd2 Bxf3 16. Bxf3 Nxf3+ 17. Rxf3 f5 18. Rd1 Qd7 19. Qd3 Rad8 20. e4 fxe4
21. Rxf8+ Rxf8 22. Qxe4 Bd4+ 23. Kh1 Qh3 24. Qe6+ Qxe6 25. dxe6 Bxc3 26. bxc3
Re8 27. Rd7 Rxe6 28. Rxa7 Re3 29. Rb7 Rxc3 30. Rxb6 Rc1+ 31. Kg2 Rc2+ 32. Kh3
Rxa2 33. Rc6 Rc2 34. Rc7 c4 35. Kg4 c3 36. Kf3 Rc1 37. Kg2 c2 38. h3 Kf8 39.
Rc8+ Ke7 40. Rc7+ Ke6 41. Rc6+ Ke5 42. Rc8 h6 43. Re8+ Kd6 44. Rc8 Kd7 45. Rc5
Ke6 46. Rc8 Ke5 47. Re8+ Kd4 48. Rd8+ Ke3 49. Re8+ Kd2 50. Rd8+ Kc3 51. Rc8+
Kb3 52. Rb8+ Kc4 53. Rc8+ Kb5 54. Rb8+ Kc6 55. Rc8+ Kb6 56. Rc4 h5 57. Rc8 Kb5
58. Rb8+ Kc6 59. Rc8+ Kd6 60. Rc4 Ke6 61. Rc6+ Kf5 62. Rc5+ Ke4 63. Rc8 Ke5 64.
Re8+ Kf6 65. Rf8+ Ke6 66. Rc8 Ke7 67. Rc7+ Kf6 68. Rc6+ Kf5 69. Rc5+ Ke4 70.
Rc8 Kd5 71. Rd8+ Ke6 72. Rc8 Kd6 73. Rc4 Kd5 74. Rc8 g5 75. Rd8+ Kc6 76. Rc8+
Kb6 77. Rc4 Kb5 78. Rc8 Ka4 79. Ra8+ Kb3 80. Rb8+ Ka3 81. Ra8+ Kb4 82. Rb8+ Ka5
83. Ra8+ Kb5 84. Rb8+ Ka6 85. Rc8 Kb7 86. Rc5 Kb6 87. Rc8 Ka5 88. Ra8+ Kb4 89.
Rb8+ Kc3 90. Rc8+ Kd2 91. Rd8+ Ke3 92. Re8+ Kd4 93. Rd8+ Ke4 94. Re8+ Kd5 95.
Rd8+ Ke6 96. Rc8 Kd6 97. Rc4 g4 98. hxg4 hxg4 99. Rc8 Kd5 100. Rd8+ Ke4 101.
Re8+ Kd4 102. Rd8+ Ke3 103. Re8+ Kd3 104. Rd8+ Kc4 105. Rc8+ Kb3 106. Rb8+ Ka3
107. Ra8+ Kb3 108. Rb8+ Kc4 1/2-1/2

[Event "DEM U12/U12w 2014"]
[Site "Magdeburg GER"]
[Date "2014.06.12"]
[Round "8"]
[White "Roseneck, Jonas"]
[Black "Schulze, Lara"]
[Result "1/2-1/2"]
[Termination "normal"]
[Board "11"]
[WhiteElo "1766"]
[BlackElo "1774"]
[PlyCount "59"]
[WhiteFideId "12939870"]
[BlackFideId "12956830"]
[EventCountry "GER"]
[EventRounds "11"]
[EventType "swiss"]
[EventDate "2014.06.07"]

1. e4 e6 2. d4 d5 3. Nc3 Nf6 4. e5 Nfd7 5. f4 c5 6. Nf3 Nc6 7. Be3 b6 8. Bd3
Be7 9. O-O O-O 10. Kh1 f6 11. Bb5 Bb7 12. dxc5 Nxc5 13. exf6 Bxf6 14. Bd4 Nxd4
15. Nxd4 Bxd4 16. Qxd4 a6 17. Be2 Qf6 18. Qxf6 gxf6 19. b4 Nd7 20. Rad1 Rac8
21. Rd3 f5 22. a3 Nf6 23. Bd1 Rfd8 24. Ne2 Ne4 25. Nd4 Re8 26. Bf3 Bc6 27. Kg1
Ba4 28. Bd1 Re7 29. Rff3 Be8 30. Rf1 1/2-1/2

[Event "DEM U12/U12w 2014"]
[Site "Magdeburg GER"]
[Date "2014.06.12"]
[Round "8"]
[White "Bui, Hai Lam"]
[Black "Ning, Felix"]
[Result "1-0"]
[Termination "normal"]
[Board "12"]
[WhiteElo "1674"]
[BlackElo "1491"]
[PlyCount "51"]
[WhiteFideId "12975737"]
[BlackFideId "12988553"]
[EventCountry "GER"]
[EventRounds "11"]
[EventType "swiss"]
[EventDate "2014.06.07"]

1. e4 c5 2. Nf3 d6 3. d4 cxd4 4. Nxd4 Nf6 5. Nc3 g6 6. Be3 Bg7 7. f3 Nc6 8. Bc4
Bd7 9. Qd2 Rc8 10. Bb3 O-O 11. O-O-O a6 12. h4 b5 13. h5 Nxh5 14. g4 Nf6 15.
Nd5 Ne5 16. Nxf6+ Bxf6 17. Qh2 h5 18. gxh5 g5 19. Rdg1 Nc4 20. Bxg5 Bxg5+ 21.
Rxg5+ Kh8 22. Bxc4 Rxc4 23. Qd2 Qb6 24. Rxb5 Qxd4 25. Qh6+ Kg8 26. Rg5+ 1-0

[Event "DEM U12/U12w 2014"]
[Site "Magdeburg GER"]
[Date "2014.06.12"]
[Round "8"]
[White "Pölt, Christoph"]
[Black "Wong, Gengchun"]
[Result "1-0"]
[Termination "normal"]
[Board "13"]
[WhiteElo "1741"]
[BlackElo "1857"]
[PlyCount "93"]
[WhiteFideId "12960853"]
[BlackFideId "12963283"]
[EventCountry "GER"]
[EventRounds "11"]
[EventType "swiss"]
[EventDate "2014.06.07"]

1. d4 Nf6 2. c4 g6 3. Nc3 d5 4. cxd5 Nxd5 5. e4 Nxc3 6. bxc3 Bg7 7. Nf3 O-O 8.
Be2 c5 9. O-O b6 10. Be3 Nd7 11. Rc1 Bb7 12. d5 Qc7 13. c4 Rad8 14. Qd2 Rfe8
15. Bf4 Ne5 16. Nxe5 Bxe5 17. Bxe5 Qxe5 18. Bd3 e6 19. a4 Ba6 20. Rfe1 Qd4 21.
Re3 Rd7 22. h3 Rde7 23. Rf3 exd5 24. exd5 Re2 25. Qxe2 Rxe2 26. Bxe2 Qd2 27.
Rd1 Qxe2 28. Rfd3 Bxc4 29. R3d2 Qe7 30. d6 Qd7 31. Re1 Be6 32. g4 Qxa4 33. Rxe6
fxe6 34. d7 Qa1+ 35. Kg2 Qf6 36. d8=Q+ Qxd8 37. Rxd8+ Kf7 38. Rd7+ Kf6 39. Rxa7
Ke5 40. Rb7 c4 41. Rxb6 c3 42. Rc6 Kd4 43. Kf3 Kd3 44. Rd6+ Kc2 45. Ke2 Kb2 46.
Rb6+ Kc2 47. Rxe6 1-0

[Event "DEM U12/U12w 2014"]
[Site "Magdeburg GER"]
[Date "2014.06.12"]
[Round "8"]
[White "Suvorov, Luca"]
[Black "Wachtel, Arthur"]
[Result "1-0"]
[Termination "normal"]
[Board "14"]
[WhiteElo "1599"]
[BlackElo "1539"]
[PlyCount "91"]
[WhiteFideId "12977071"]
[BlackFideId "12988510"]
[EventCountry "GER"]
[EventRounds "11"]
[EventType "swiss"]
[EventDate "2014.06.07"]

1. d4 e6 2. Nf3 Nf6 3. c4 Bb4+ 4. Nbd2 Nc6 5. a3 Be7 6. g3 d6 7. Bg2 Bd7 8. O-O
O-O 9. Qc2 Qc8 10. b3 h6 11. Bb2 d5 12. Ne5 dxc4 13. Bxc6 bxc6 14. Qxc4 Qb7 15.
Rac1 Rfc8 16. Nxd7 Nxd7 17. Qxc6 Qxc6 18. Rxc6 Nb6 19. Rfc1 Bd8 20. e4 Rab8 21.
R1c2 Rb7 22. Kg2 Kf8 23. a4 Rcb8 24. Ba3+ Ke8 25. h4 Rc8 26. f4 Be7 27. Bxe7
Kxe7 28. Kf2 Nd7 29. R2c3 Nb6 30. Kf3 h5 31. R6c5 g6 32. Ke2 f5 33. Re3 fxe4
34. Rxe4 Rd8 35. Rce5 Rd6 36. Nc4 Nxc4 37. bxc4 Rb2+ 38. Kf3 Rb4 39. d5 Rb3+
40. Kg2 Rb4 41. c5 Rb2+ 42. Kh3 Ra6 43. Rxe6+ Rxe6 44. Rxe6+ Kf7 45. Rc6 Rb7
46. Ra6 1-0

[Event "DEM U12/U12w 2014"]
[Site "Magdeburg GER"]
[Date "2014.06.12"]
[Round "8"]
[White "Staufenberger, Philipp"]
[Black "Schallner, Marc"]
[Result "1/2-1/2"]
[Termination "normal"]
[Board "15"]
[WhiteElo "1620"]
[BlackElo "1668"]
[PlyCount "112"]
[WhiteFideId "12970883"]
[BlackFideId "12971243"]
[EventCountry "GER"]
[EventRounds "11"]
[EventType "swiss"]
[EventDate "2014.06.07"]

1. e4 e5 2. Nc3 Nf6 3. f4 d5 4. fxe5 Nxe4 5. Nf3 Bc5 6. d4 Bb4 7. Bd2 Bg4 8.
Nxe4 dxe4 9. Bxb4 exf3 10. Qd2 Nc6 11. Bc3 O-O 12. g3 Re8 13. h3 Be6 14. b3 a5
15. O-O-O a4 16. d5 axb3 17. cxb3 Bxd5 18. Qxd5 Qg5+ 19. Qd2 Qxg3 20. Bb5 Red8
21. Qb2 Qf4+ 22. Kb1 Qf5+ 23. Qc2 Qxc2+ 24. Kxc2 Rxa2+ 25. Kb1 Raa8 26. Rdf1
Na7 27. Bc4 b5 28. Bxf7+ Kxf7 29. Rxf3+ Ke6 30. Kc2 c5 31. Rg1 b4 32. Bb2 Rd7
33. Rd3 Rad8 34. Rgd1 Rxd3 35. Rxd3 Rxd3 36. Kxd3 Kd5 37. e6 Kxe6 38. Kc4 Kd6
39. Bxg7 Kc6 40. Bf8 Nb5 41. Bxc5 Na3+ 42. Kxb4 Nc2+ 43. Kc3 Ne1 44. Bf2 Nf3
45. b4 Kb5 46. Bc5 Ng5 47. h4 Ne4+ 48. Kd4 Nf6 49. Ke5 Nd7+ 50. Kd5 h5 51. Be7
Nb8 52. Ke4 Nc6 53. Bf8 Nxb4 54. Bxb4 Kxb4 55. Kf5 Kc5 56. Kg5 Kd6 1/2-1/2

[Event "DEM U12/U12w 2014"]
[Site "Magdeburg GER"]
[Date "2014.06.12"]
[Round "8"]
[White "Pfreundt, Mathis"]
[Black "Biermann, Lenhard"]
[Result "1/2-1/2"]
[Termination "normal"]
[Board "16"]
[WhiteElo "1667"]
[BlackElo "1535"]
[PlyCount "68"]
[WhiteFideId "12967092"]
[BlackFideId "12970077"]
[EventCountry "GER"]
[EventRounds "11"]
[EventType "swiss"]
[EventDate "2014.06.07"]

1. e4 e6 2. Nf3 d5 3. e5 c5 4. b4 cxb4 5. a3 Nc6 6. axb4 Bxb4 7. c3 Bf8 8. d4
Bd7 9. Bd3 Qb6 10. O-O Rc8 11. Qd2 Nge7 12. Ba3 Ng6 13. Rc1 Na5 14. Bc2 Nc4 15.
Qe1 Nxa3 16. Nxa3 a6 17. Rcb1 Qc7 18. Bxg6 hxg6 19. Rc1 Be7 20. Nd2 O-O 21. c4
Qd8 22. Rc3 dxc4 23. Rxc4 Bxa3 24. Rxa3 Rxc4 25. Nxc4 Bb5 26. Nd6 Bc6 27. f4 g5
28. f5 exf5 29. Nxf5 Qd7 30. Qb1 f6 31. Qb3+ Kh7 32. Qc2 Kg8 33. Qa2+ Kh7 34.
Qc2 Kg8 1/2-1/2

[Event "DEM U12/U12w 2014"]
[Site "Magdeburg GER"]
[Date "2014.06.12"]
[Round "8"]
[White "Zimmer, Raphael"]
[Black "Voß, Henrike"]
[Result "1-0"]
[Termination "normal"]
[Board "17"]
[WhiteElo "1868"]
[BlackElo "1456"]
[PlyCount "77"]
[WhiteFideId "12978841"]
[BlackFideId "12971910"]
[EventCountry "GER"]
[EventRounds "11"]
[EventType "swiss"]
[EventDate "2014.06.07"]

1. e4 e5 2. Nf3 Nc6 3. Bc4 Bc5 4. c3 Nf6 5. d4 exd4 6. cxd4 Bb4+ 7. Kf1 d5 8.
exd5 Nxd5 9. Nc3 Be6 10. Qd3 h6 11. h4 Qd7 12. Bb5 O-O-O 13. Ne5 Qd6 14. Bxc6
Bxc3 15. Bxd5 Bxd5 16. Qxc3 Qa6+ 17. Kg1 g5 18. h5 Qe2 19. Be3 Bxa2 20. b3 Rhe8
21. Nxf7 Rd7 22. Ne5 Rxe5 23. Re1 Rxe3 24. Qxe3 Qxe3 25. Rxe3 Rxd4 26. Re6 Rd6
27. Rxd6 cxd6 28. Rh3 Kd7 29. Re3 d5 30. g4 Kd6 31. Kf1 d4 32. Rd3 Kd5 33. Ke2
a5 34. f4 gxf4 35. g5 a4 36. gxh6 axb3 37. Rxb3 Bxb3 38. h7 Bc4+ 39. Kf3 1-0

[Event "DEM U12/U12w 2014"]
[Site "Magdeburg GER"]
[Date "2014.06.12"]
[Round "8"]
[White "Fesselier, Chelsea"]
[Black "Wagner, Benjamin"]
[Result "0-1"]
[Termination "normal"]
[Board "18"]
[WhiteElo "1454"]
[BlackElo "1634"]
[PlyCount "60"]
[WhiteFideId "26024624"]
[BlackFideId "12957330"]
[EventCountry "GER"]
[EventRounds "11"]
[EventType "swiss"]
[EventDate "2014.06.07"]

1. e4 e5 2. Nf3 Nc6 3. Bc4 Bc5 4. c3 Nf6 5. d3 d6 6. Bb3 a6 7. O-O Ba7 8. Nbd2
O-O 9. h3 Kh8 10. Re1 Ng8 11. Nf1 f5 12. Be3 fxe4 13. dxe4 Qf6 14. N1h2 Nge7
15. Rf1 Qg6 16. Kh1 Qxe4 17. Ng5 Qg6 18. Bc2 Bf5 19. Bxf5 Nxf5 20. Bd2 h6 21.
Ngf3 e4 22. Ne1 e3 23. fxe3 Ng3+ 24. Kg1 Nxf1 25. Nxf1 Ne5 26. Qe2 Rae8 27. Rc1
Rf7 28. Kh1 Ref8 29. Nh2 Rf2 30. Qd1 Qg3 0-1

[Event "DEM U12/U12w 2014"]
[Site "Magdeburg GER"]
[Date "2014.06.12"]
[Round "8"]
[White "Mix, Clemens"]
[Black "Mantel, Ruben"]
[Result "1-0"]
[Termination "normal"]
[Board "19"]
[WhiteElo "1474"]
[BlackElo "1645"]
[PlyCount "43"]
[WhiteFideId "12987921"]
[BlackFideId "12930121"]
[EventCountry "GER"]
[EventRounds "11"]
[EventType "swiss"]
[EventDate "2014.06.07"]

1. e4 e6 2. d4 d5 3. Nd2 Be7 4. c3 Nf6 5. e5 Nfd7 6. Bd3 c5 7. Ne2 Nc6 8. O-O
O-O 9. Nf3 b6 10. Be3 Bb7 11. Qd2 Rc8 12. Rac1 cxd4 13. cxd4 Na5 14. Rxc8 Qxc8
15. b3 Ba3 16. Ng5 h6 17. Nh7 Rd8 18. Bxh6 gxh6 19. Qxh6 Bf8 20. Qg5+ Bg7 21.
Nf4 Qc3 22. Qxd8+ 1-0

[Event "DEM U12/U12w 2014"]
[Site "Magdeburg GER"]
[Date "2014.06.12"]
[Round "8"]
[White "Könze, Heike"]
[Black "Baltic, Fatih"]
[Result "0-1"]
[Termination "normal"]
[Board "20"]
[WhiteElo "1503"]
[BlackElo "1870"]
[PlyCount "46"]
[WhiteFideId "12964476"]
[BlackFideId "12979090"]
[EventCountry "GER"]
[EventRounds "11"]
[EventType "swiss"]
[EventDate "2014.06.07"]

1. e4 c5 2. Nc3 e6 3. f4 a6 4. Nf3 b5 5. d3 Bb7 6. Be3 d5 7. Bf2 Be7 8. Qe2 Nf6
9. e5 Ng4 10. h3 Nxf2 11. Qxf2 Qc7 12. g4 d4 13. Ne2 Qa5+ 14. c3 Nc6 15. Bg2
Rd8 16. Kd2 dxc3+ 17. bxc3 b4 18. Rhc1 c4 19. Ne1 bxc3+ 20. Nxc3 cxd3 21. Rab1
Bb4 22. Nxd3 Qxa2+ 23. Ke3 Rxd3+ 0-1

[Event "DEM U12/U12w 2014"]
[Site "Magdeburg GER"]
[Date "2014.06.12"]
[Round "8"]
[White "Jahn, Felix"]
[Black "Collin, Alexander"]
[Result "0-1"]
[Termination "normal"]
[Board "21"]
[WhiteElo "1517"]
[BlackElo "1590"]
[PlyCount "78"]
[WhiteFideId "12983632"]
[BlackFideId "12946745"]
[EventCountry "GER"]
[EventRounds "11"]
[EventType "swiss"]
[EventDate "2014.06.07"]

1. e4 e6 2. d4 d5 3. Nc3 Bb4 4. e5 c5 5. Bd2 Nc6 6. Nf3 cxd4 7. Nb5 Bc5 8. Bf4
a6 9. Nd6+ Bxd6 10. exd6 Qa5+ 11. Qd2 Qxd2+ 12. Kxd2 f6 13. Re1 Kd7 14. Rd1 e5
15. Bg3 Nh6 16. h3 Nf5 17. Bh2 Nxd6 18. Kc1 b5 19. Be2 Bb7 20. Rhe1 Rac8 21. a3
b4 22. a4 Kc7 23. Kb1 Kb8 24. b3 Ne4 25. Kb2 Nxf2 26. Rd2 Ka8 27. Bg1 Ne4 28.
Rdd1 Rc7 29. Bh2 Rhc8 30. Rc1 Rd7 31. Nh4 Rdd8 32. Nf3 Ne7 33. g4 Rc3 34. Nh4
Ng5 35. Bd3 h6 36. Bf1 Nxh3 37. Ng2 Ng5 38. Red1 Bc8 39. Be2 Kb7 0-1